000 00472cam a22001934a 4500
005 20250605164321.0
008 250528s ||||||||||||||||||||||||d
035 _a22931
020 _a9780873229562
040 _aGR-AtMCL
_bgre
_dGR-AtMCL
_eAACR2
245 1 _aPSYCHOLOGICAL DYNAMICS OF SPORT AND EXERCISE
250 _a2
260 _bHuman Kinetics,
_c2000
300 _a355
700 1 _aGill Diane L
_95451
942 _cBK
999 _c7974
_d7974